000 01178cam a22002055a 4500
001 L149259
008 100211e20100129xxk 000 0 eng d
035 _a(Sirsi) u149259
041 0 _aeng
100 1 _aShepherd, Mark
245 0 0 _aMarkets
_bWest Midlands
260 _c2010
490 0 _aProperty Week
_v76(4) 29 January 2010, 51-62(6)
520 _aWest Midlands Developers Alliance has been set up to back Birmingham's Big City Plan, one of the most far-reaching city centre development plans ever undertaken in the UK. Birmingham's office market is showing signs of life although Carlyle Group's prestige Colmore Plaza development has seen only slow take-up. Phase two of Wolverhampton's rail interchange scheme will seek planning permission this summer. Coventry's Friargate mixed-use scheme finally gets planning approval. Lend Lease's Touchwood shopping centre in Solihull is boosted by new retailers. St Modwen is seeking to redevelop the 17 acre town centre near Bournville College in Longbridge.
590 _aKA
651 4 _aWest Midlands
690 _aPROPERTY-COMMERCIAL PROPERTY-COMMERCIAL PROPERTY MARKET
700 1 _aNazir, Waheed
942 _n0
999 _c82099
_d82099